000 00482nam a2200169Ia 4500
999 _c36850
_d36850
003 OSt
005 20210122104026.0
008 190216s9999||||xx |||||||||||||| ||und||
040 _coclc
082 _a650.14
_bJAI/I
100 _aJain, T S
_98355
245 0 _aInterviews & Group Discussions How To Face Them /
_cT S Jain
260 _bUpkar Prakashan,
_aAgra:
300 _a166p
650 _aReferences
942 _cREF
_2ddc
_h650.14
_iJAI/I
_k650.14
_mJAI/I